000 00424nam a22001577a 4500
005 20170406102224.0
008 170406b xxu||||| |||| 00| 0 eng d
020 _a978-0-07-058244-0
041 _aeng
100 _aPEURIFOY, ROBERT. L. AND SCHEXNAYDER, C.J.
_93828
245 _aCONSTRUCTION PLANNING EQUIPMENT AND METHODS
250 _a6TH
260 _aNEW DELHI
_bTATA MC GRAW-HILL
_c2002
300 _a669
942 _cBK
999 _c5424
_d5422